The El Niño phenomenon. (Record no. 542780)

000 -LEADER
fixed length control field 00492cam a2200157 a 4500
082 00 - DEWEY DECIMAL CLASSIFICATION NUMBER
Classification number 363.7
Author Mark ELN
-- D
245 04 - TITLE STATEMENT
Title The El Niño phenomenon.
260 ## - PUBLICATION, DISTRIBUTION, ETC.
Place of publication, distribution, etc. Nairobi, Kenya :
Name of publisher, distributor, etc. United Nations Environment Programme,
Date of publication, distribution, etc. c1992.
300 ## - PHYSICAL DESCRIPTION
Extent 36 p. :
Other physical details ill. (some col.), col. maps ;
Dimensions 26 cm.
500 ## - GENERAL NOTE
General note Cover title.
526 ## - STUDY PROGRAM INFORMATION NOTE
Program name 0
Interest level 0
Reading level 0
Title point value 363_700000000000000_ELN
650 #0 - SUBJECT ADDED ENTRY--TOPICAL TERM
Topical term or geographic name entry element Climatic changes.
650 #0 - SUBJECT ADDED ENTRY--TOPICAL TERM
Topical term or geographic name entry element MCE
9 (RLIN) 379
710 2# - ADDED ENTRY--CORPORATE NAME
Corporate name or jurisdiction name as entry element United Nations Environment Programme.
9 (RLIN) 6136
942 ## - ADDED ENTRY ELEMENTS (KOHA)
Source of classification or shelving scheme
Koha item type Book
Holdings
Withdrawn status Lost status Source of classification or shelving scheme Damaged status Not for loan Permanent Location Current Location Date acquired Total Checkouts Full call number Barcode Date last seen Price effective from Koha item type
          Military College of Engineering (MCE) Military College of Engineering (MCE) 02/17/2014   363.7 ELN MCE-42778 02/17/2014 02/17/2014 Book
© 2023 Central Library, National University of Sciences and Technology. All Rights Reserved.